000 00484nam a2200169Ia 4500
003 GCL
008 140319s9999 xx 000 0 ara d
040 _aGCL /
_cGCL
082 0 4 _a813.01
_bع ح
100 1 _aعبدالله عبدالرحمن الجفرى
245 1 0 _aالحلم المطعون /
_cعبدالله عبدالرحمن الجفرى
300 _a214 ص
490 _a
650 0 4 _aالادب العربى
650 0 4 _aالقصص العربية
942 _2ddc
_cBK
999 _c45423
_d45423